Statistics for Harry Potter or Lord of the Rings - Click Quiz #2

Click here to take the quiz!

General Stats

  • This quiz has been taken 91 times
  • The average score is 17 of 20

Answer Stats

HintAnswer% Correct
Fleur Delacour
96%
Ron Weasley
96%
Quirinus Quirrell
94%
Celeborn
93%
Samwise Gamgee
93%
Dobby
93%
Haldir
92%
Crookshanks
92%
Peeves
92%
Denethor
89%
Mablung
86%
Barliman Butterbur
83%
Meriadoc Brandybuck
82%
Rosie Cotton
82%
Nagini
80%
Norbert
79%
Grawp
77%
Bill Ferny
68%
Aragog
58%
Mrs Maggot
55%

Score Distribution

Percentile by Number Answered

Percent of People with Each Score

Your Score History

You have not taken this quiz